• 首页
  • 本馆介绍
  • 公告通知
  • 最新文献
  • 馆藏检索
  • 电子资源
  • 读者导购
  • 参考咨询
  • 我的图书馆
  • 登录
  • 详细信息显示
  • 放入我的书架
  • 预约/预借图书
  • 作者相关作品
  • 分类相关作品
  • 丛书相关作品
  • 出版社相关作品

书目信息

  • 表格格式
  • 工作单格式
  • 卡片格式
题名:
白话鬼谷子
    
 
作者: 鬼谷子 著 ;韩占杰 , 寇均锋 译
分册:  
出版信息: 西安   三秦出版社  1997.7
页数: 165页
开本: 32开
丛书名: 中国传统文化丛书
单 册:
中图分类: B228.04
科图分类:
主题词: 先秦哲学
电子资源:
ISBN: 7-80628-076-6
000 00673nam0 2200241 45
001 0003221413
005 20031229172758.9
010    @a7-80628-076-6@dCNY5.00
100    @a20000322d1997 km y0chiy0120 ea
101    @achi
105    @a z 000yy
200 1  @a白话鬼谷子@f鬼谷子著@FGui Gu Zi Zhu@g韩占杰,寇均锋注译
210    @a西安@c三秦出版社@d1997.7
215    @a165页@d32开
225    @a中国传统文化丛书
410    @12001 @a中国传统文化丛书
606 0  @a先秦哲学
690    @aB228.04@v1
701  0 @a鬼谷子@4著
702  0 @a韩占杰@AHan Zhan Jie@4译
702  0 @a寇均锋@AKou Jun Feng@4译
801    @aCN@bTSTC@c20000322
905    @f3@b286327-329@dB228.04@e166
    
    白话鬼谷子/鬼谷子著/韩占杰,寇均锋注译.-西安:三秦出版社,1997.7
    165页;32开.-(中国传统文化丛书)
    
    
    ISBN 7-80628-076-6:CNY5.00
    
●
相关链接 在E读中查询图书 在五车中查询图书 在当当中查询图书 在豆瓣中查询图书


正题名:白话鬼谷子     索取号:B228.04/166         预约/预借

序号 登录号 条形码 馆藏地/架位号 状态 备注
1 0286327   002863271   第一借阅区/ [索取号:B228.04/166] 在馆    
2 0286328   002863280   第一借阅区/ [索取号:B228.04/166] 在馆    
3 0286329   002863299   第一样本阅览室/ [索取号:B228.04/166] 在馆    
唐山师范学院图书馆 欢迎您!
大连网信软件有限公司© 版权所有